| 000 | 00682nam a22002057a 4500 | ||
|---|---|---|---|
| 005 | 20250120153038.0 | ||
| 010 | _aENG-143437 | ||
| 020 |
_c1800.00 _a9788195972265 |
||
| 035 | _aEN-126969 | ||
| 037 | _bDBAD | ||
| 082 | _a615.53 | ||
| 100 |
_aKavyatirtha, Virajacarana Gupta _d2023 _976778 |
||
| 245 |
_aVanausadhi darpana / _cKavyatirtha, Virajacarana Gupta |
||
| 260 |
_bThe Asiatic Society _c2023 _aKolkata |
||
| 270 |
_aThe Asiatic Society 1, Park Street _bKolkata _e700001 |
||
| 300 |
_a431p. _c25 cm (pbk) |
||
| 500 | _aRilision book | ||
| 700 |
_aEdited by Brahmananda gupta and Abichal Chattopadhyay _976737 _bEdited |
||
| 942 |
_2ddc _cEN _h615.53 _mKav |
||
| 999 |
_c208616 _d208616 |
||